|
|
|
|
| LEADER |
00730cam a2200205 7i4500 |
| 001 |
0000122008 |
| 005 |
20140522090000.0 |
| 008 |
140522s2003 my may |
| 020 |
# |
0 |
|a 9789832643227
|
| 020 |
# |
0 |
|a 9832369053
|
| 090 |
0 |
0 |
|a TN 870.5
|b .S2 2003
|
| 100 |
0 |
# |
|a Sanudin Hj. Tahir
|
| 245 |
1 |
0 |
|a Geologi petroleum
|c Sanudin Hj. Tahir.
|
| 260 |
# |
# |
|a Kota Kinabalu, Sabah:
|b Universiti Malaysia Sabah,
|c 2003.
|
| 300 |
# |
# |
|a xix, 377 p.:
|b ill. (some col.), col. maps;
|c 23 cm..
|
| 504 |
0 |
0 |
|a Includes bibliographical references and index
|
| 590 |
# |
# |
|a Pusat Pengajian Sains Marin dan Persekitaran
|
| 650 |
0 |
0 |
|a Natural gas --
|x Geology
|
| 650 |
0 |
0 |
|a Petroleum --
|x Geology
|
| 999 |
|
|
|a 1100091660
|b Book
|c Open Shelf
|e KOLEKSI TERBUKA
|